000 01486nam a2200217Ia 4500
003 Ost
005 20260507075623.0
008 260507s9999||||xx |||||||||||||| ||und||
020 _a9789947780640
040 _cfsecg
041 _aara
082 _a332.46
100 _aزايري، بلقاسم
_eمؤلف
245 0 _aصناديق الثروة السيادية وتحولات النظام المالي الدولي :
_bمستقبل صناديق الثروة السيادية في ظل البيئة المالية الجديدة /
_c بلقاسم زايري
260 _aالجزائر:
_bالنشر الجامعي الجديد,
_c2020
300 _a332 صفحة؛
_bإيضاحات ؛
_c24 سم
504 _aالمراجع ص.307
520 _aتناول الجزء الثاني من كتاب "صناديق الثروة السيادية وتحولات النظام المالي الدولي" مستقبل صناديق الثروة السيادية في ظل البيئة المالية الجديدة ، حيث قدم من خلال فصول دراسته الإطار القانوني الدولي للاستثمارات الأجنبية وتطبيقاته على صناديق الثروة السيادية، وجغرافية صناديق الثروة السيادية ، بالاضافة الى صناديق دول الخليج العربية في ظل البنية المالية الجديدة .
653 _aالنظام النقدي الدولي
942 _cكتاب
999 _c45156
_d45156